Introduction to positive economics (Record no. 5640)

000 -LEADER
fixed length control field 00453nam a22001817a 4500
001 - CONTROL NUMBER
control field 5640
003 - CONTROL NUMBER IDENTIFIER
control field BD-DhUET
008 - FIXED-LENGTH DATA ELEMENTS--GENERAL INFORMATION
fixed length control field 141127b xxu||||| |||| 00| 0 eng d
040 ## - CATALOGING SOURCE
Transcribing agency 0
Modifying agency BD-DhUET
082 ## - DEWEY DECIMAL CLASSIFICATION NUMBER
Classification number 330
Item number LIP/1971
100 ## - MAIN ENTRY--PERSONAL NAME
Personal name Lipsey, Richard G.
245 ## - TITLE STATEMENT
Title Introduction to positive economics
250 ## - EDITION STATEMENT
Edition statement 3rd ed.
260 ## - PUBLICATION, DISTRIBUTION, ETC. (IMPRINT)
Name of publisher, distributor, etc. English Language Book
Place of publication, distribution, etc. Hampshire
Date of publication, distribution, etc. 1971
300 ## - PHYSICAL DESCRIPTION
Extent xx, 740 p.
Other physical details ill.
Dimensions 26 cm.
650 #0 - SUBJECT ADDED ENTRY--TOPICAL TERM
Topical term or geographic name as entry element Economics
942 ## - ADDED ENTRY ELEMENTS (KOHA)
Koha item type General Book
Holdings
Not for loan Source of classification or shelving scheme Koha date last seen Koha item type Damaged status Location (home branch) Koha collection Copy number Sublocation or collection (holding branch) Withdrawn status Price effective from Koha full call number Koha normalized classification for sorting Date acquired Shelving location Lost status Piece designation (barcode)
  2014-11-27General Book Central Library, BUET 1Central Library, BUET 2014-11-27330/LIP/1971330LIP19712014-11-27Circulation section 23693
  2014-11-27General Book Central Library, BUET 2Central Library, BUET 2014-11-27330/LIP/1971330LIP19712014-11-27Circulation section 23702
  2015-01-27General Book Central Library, BUET 3Central Library, BUET 2015-01-27330/LIP/1971330_000000000000000_LIP_19712015-01-27Circulation section 23689
  2015-01-27General Book Central Library, BUET 4Central Library, BUET 2015-01-27330/LIP/1971330_000000000000000_LIP_19712015-01-27Circulation section 23684
  2015-01-27General Book Central Library, BUET 5Central Library, BUET 2015-01-27330/LIP/1971330_000000000000000_LIP_19712015-01-27Circulation section 23710
  2015-01-27General Book Central Library, BUET 6Central Library, BUET 2015-01-27330/LIP/1971330_000000000000000_LIP_19712015-01-27Circulation section 23713
  2015-01-27General Book Central Library, BUET 7Central Library, BUET 2015-01-27330/LIP/1971330_000000000000000_LIP_19712015-01-27Cataloging section 23690
  2015-01-27General Book Central Library, BUET 8Central Library, BUET 2015-01-27330/LIP/1971330_000000000000000_LIP_19712015-01-27Circulation section 23698
  2015-01-27General Book Central Library, BUET 9Central Library, BUET 2015-01-27330/LIP/1971330_000000000000000_LIP_19712015-01-27Circulation section 23685
  2015-01-27General Book Central Library, BUET 10Central Library, BUET 2015-01-27330/LIP/1971330_000000000000000_LIP_19712015-01-27Circulation section 23712
  2015-01-28General Book Central Library, BUETNon Fiction4Central Library, BUET 2015-01-28330/LIP/1971330_000000000000000_LIP_19712015-01-28Circulation section 23677
  2015-01-28General Book Central Library, BUETNon Fiction30Central Library, BUET 2015-01-28330/LIP/1971330_000000000000000_LIP_19712015-01-28Circulation section 23706
  2015-01-28General Book Central Library, BUETNon Fiction29Central Library, BUET 2015-01-28330/LIP/1971330_000000000000000_LIP_19712015-01-28Circulation section 23705
  2015-01-28General Book Central Library, BUETNon Fiction16Central Library, BUET 2015-01-28330/LIP/1971330_000000000000000_LIP_19712015-01-28Circulation section 23680
  2015-04-20General Book Central Library, BUET 15Central Library, BUET 2015-04-20330/LIP/1971330_000000000000000_LIP_19712015-04-20Circulation section 23691